| 000 | 00470nam a2200157 i 4500 | ||
|---|---|---|---|
| 001 | 83095 | ||
| 003 | ES-MaACL | ||
| 005 | 20230906174758.0 | ||
| 007 | t| | ||
| 008 | 041115s1968 sp ||||1| spa d | ||
| 245 | 0 | 0 |
_aMigración y estructura regional / _cInstituto Nacional de Estadística. |
| 260 |
_a[Madrid : _bs.n., _c1968] |
||
| 300 |
_aX, 111 p. ; _c27 cm. |
||
| 710 | 2 |
_aInstituto Nacional de Estadística (España) _95162 |
|
| 852 |
_aES-MaACL _jC-36414 _bR.68485 |
||
| 999 |
_c83095 _d83095 |
||